| 000 | 01143nas a2200313 4500 | ||
|---|---|---|---|
| 001 | BR8000772 | ||
| 003 | BR-BrBNA | ||
| 005 | 20231205084129.0 | ||
| 007 | ta | ||
| 008 | 230509b bl.|||p| |||| 00| 00por d | ||
| 040 |
_aBR-BrBNA _bpor _cBiblioteca Nacional de Agricultura |
||
| 041 | _a(Pt) | ||
| 072 | _aF25 | ||
| 100 | 1 | _aFreire, F.M. | |
| 100 | 1 | _aNovais, R.F. | |
| 100 | 1 | _aBraga, J.M. | |
| 100 | 1 | _aFranca, G.E. | |
| 100 | 1 | _aSantos, H.L. | |
| 100 | 1 | _aSantos, P.R.R.S. | |
| 245 | 1 | _aAdubacao fosfatada para a cultura da soja (Glycine max (L.)Merrill)baseada no fosforo disponivel em diferentes extratores quimicos e no fator capacidade | |
| 246 | 1 | _aRecommendation of fertilization of soybean (Glycine max (L.)Merril)based on the available P in different chemical extractant solutions and in the capacity factor | |
| 650 | _aFertilidade do solo | ||
| 650 | _aSoja | ||
| 650 | _aFertilizante fosfatado | ||
| 650 | _aFosforo | ||
| 773 | 0 |
_tRevista Brasileira de Ciencia do Solo (Brazil) _xISSN 0100-0683 _g(May 1979), v. 3(2) p. 105-111 _wBR8000772 |
|
| 909 |
_a202311 _bLúcia _c55 _dLúcia Elande |
||
| 942 |
_2AGRIS _n0 _cANA |
||
| 999 |
_c103312 _d103312 |
||